|
|
|
|
| LEADER |
00625nab a2200169 i 4500 |
| 001 |
misc73462 |
| 005 |
20241018113747.0 |
| 008 |
241018s1955 hu o 000 eng d |
| 040 |
|
|
|a SZTE Miscellanea Repozitórium
|b hun
|
| 041 |
|
|
|a eng
|
| 100 |
1 |
|
|a Karreman George
|
| 245 |
1 |
2 |
|a A countercurrent mechanism with transverse diffusion
|h [elektronikus dokumentum] /
|c Karreman George
|
| 260 |
|
|
|c 1955-06
|
| 300 |
|
|
|a 95-100
|
| 490 |
0 |
|
|a Bulletin of Mathematical Biophysics
|v 17 No. 2
|
| 561 |
|
|
|a Szent-Györgyi Albert munkatársainak publikációi
|
| 856 |
4 |
0 |
|u http://misc.bibl.u-szeged.hu/73462/1/szgya_amerikai_075.pdf
|z Dokumentum-elérés
|